000 00834nam a2200265Ia 4500
001 Z_4034
003 CHAP
008 220113s2001 xx 000 0 und d
010 _a167094
040 _cCHAP
090 _aTesis M 1554
100 _aMartínez Valenzuela, Feliciano
_972595
245 _aProductividad de vacas lecheras en pastoreo suplementadas con diferente nivel de concentrado /
_cpor Feliciano Martínez Valenzuela
260 _aChapingo, Méx. :
_bEl autor,
_c2001
300 _a101 h.
502 _aTesis (Maestro en Ciencias Especialista en Producción Animal) -- UACH. Departamento de Zootecnia
650 _aGanado lechero
_xPastoreo
_945284
650 _aGanado lechero
_xProducción
_945288
901 _aTESIS M 1554
902 _aM
910 _a2001
942 _c2
942 _c2
999 _c167094
_d167094